[Event "47th GER-ch Blitz 2020"]
[Site "Magdeburg"]
[Date "2020.08.15"]
[Round "18.14"]
[White "Barzen, Pascal"]
[Black "Dobrikov, Marco"]
[Result "0-1"]
[WhiteElo "2321"]
[BlackElo "2290"]
[Annotator "TA"]
[PlyCount "81"]
[EventDate "2020.07.28"]
[EventType "tourn"]
[EventCountry "GER"]
[SourceTitle "playchess.com"]
[Source "ChessBase"]
[SourceQuality "1"]

{[%evp 9,80,-2,37,8,25,-21,20,-36,-23,-43,-43,-33,-37,-72,-61,-58,-51,-44,-36,-67,-73,-77,-68,-70,-64,-103,-98,-95,-90,-96,-27,-38,504,502,507,508,606,593,583,587,575,566,612,608,607,605,621,606,613,600,657,604,657,657,656,650,797,797,772,745,29960,29960,29985,29985,29984,29984,29987,29988,29989,29990,29990,29991,29999]} 1. e4 c5 2. Nc3 e6 3. g3 Nc6 4. Bg2 a6 5. d3 b5 6. f4 {B24: Closed Sicilian: 3 g3 sidelines.} Bb7 {[#]} 7. f5 $146 ({Predecessor:} 7. Nf3 d6 8. O-O Qc7 9. Be3 b4 10. Na4 Nf6 11. Kh1 Be7 12. c4 Nb8 13. b3 Nbd7 14. Qe2 {1-0 (45) Bodnaruk,A (2412)-Paehtz,E (2484) Monaco 2019}) 7... Nd4 8. fxe6 ({Better is} 8. Nf3 $11) 8... dxe6 $15 9. Nf3 Nf6 10. O-O Be7 11. h3 O-O 12. Be3 Nxf3+ 13. Qxf3 b4 14. Ne2 c4 15. Rad1 cxd3 16. cxd3 Qa5 17. Qf2 Qxa2 18. Nd4 {[#] Strongly threatening Ra1.} Qa4 19. g4 Rad8 (19... h6 $17) 20. g5 $1 $11 {[%cal Rg5f6]} Nd7 $2 {[%mdl 8192] Black cannot hold the game after this.} (20... Ne8 $15 {stays ahead.}) 21. Ra1 $18 Qxa1 22. Rxa1 Nc5 23. Nf5 exf5 24. Bxc5 Bxc5 25. Qxc5 fxe4 26. Bxe4 Bxe4 27. dxe4 Rfe8 28. e5 Re6 29. h4 Rde8 30. Re1 b3 31. Qc4 h6 32. Qxb3 hxg5 33. hxg5 Rg6 34. Qe3 f6 35. Qb3+ {White mates.} Kh7 36. Qd3 fxe5 37. Qe4 Ree6 38. Rd1 Kg8 39. Rd8+ Kf7 40. Qf5+ Ref6 41. Qd7# {[%mdl 32768] Accuracy: White = 74%, Black = 66%. . Loss on time!?} 0-1

[Event "47th GER-ch Blitz 2020"]
[Site "Magdeburg"]
[Date "2020.08.15"]
[Round "18.15"]
[White "Wichmann, Cliff"]
[Black "Zelbel, Patrick"]
[Result "0-1"]
[WhiteElo "2305"]
[BlackElo "2448"]
[Annotator "TA"]
[PlyCount "160"]
[EventDate "2020.07.28"]
[EventType "tourn"]
[EventCountry "GER"]
[SourceTitle "playchess.com"]
[Source "ChessBase"]
[SourceQuality "1"]

{[%evp 13,160,27,24,25,50,51,70,23,38,39,39,6,51,53,46,38,50,55,47,23,20,0,24,0,0,0,29,0,0,0,11,0,1,0,100,-11,189,191,261,44,23,0,0,0,0,-88,-96,-87,-63,-61,-60,-75,0,-79,-69,-100,-100,-243,-109,-106,-98,-110,-83,-83,-98,-75,-60,-60,-60,-60,-60,-60,-60,-60,-60,-60,-60,-60,-60,-60,-60,-60,-60,-60,-60,-60,-60,-60,-60,-60,-60,-60,-60,-60,-60,-60,-60,-60,-60,-60,-60,-60,-40,-40,-40,-40,0,0,0,0,0,0,0,0,0,0,0,0,0,0,0,0,0,0,0,0,0,0,0,0,0,-27998,0,-27999,-27999,-27997,-27997,-27998,-27998,-27999,-27999,-27994,-27998,-27999,-27996,-27999,-27997,-27999,-27998]} 1. d4 Nf6 2. c4 e6 3. Nf3 c5 4. d5 exd5 5. cxd5 d6 6. Nc3 g6 7. h3 Bg7 8. e4 {A61: Modern Benoni: Nf3 without early e4.} a6 9. a4 Nbd7 10. Bf4 {White is slightly better.} Qe7 11. Bd3 Nh5 12. Bh2 (12. Bg5 {is more complex.} f6 13. Bc1 f5 14. O-O f4 15. Nb1) 12... Ne5 (12... f5 {with more complications.} 13. O-O f4 14. Be2 O-O 15. Re1 b6) 13. Be2 Nxf3+ 14. Bxf3 Nf6 15. O-O {[#]} Nd7 $146 ({Predecessor:} 15... O-O 16. e5 Ne8 17. e6 b6 18. Re1 f5 19. Rc1 Bb7 20. Qb3 Qc7 21. Nb1 Be5 {1-0 (38) Wichmann,C (2267)-Rudolf,S (2228) Dresden 2012}) 16. Bg4 O-O 17. Re1 Ne5 18. Bxc8 Raxc8 19. f4 Nc4 20. Qe2 (20. e5 $5) 20... Na5 21. e5 Nb3 22. Rad1 Nd4 23. Qd3 Rfe8 (23... Qd8 $11 {remains equal.}) 24. b4 {[#]} (24. Ne4 $1 $16 {[%cal Re4d6]} Red8 25. b4 (25. Nxd6 Rxd6 26. exd6 Qxd6 $14) (25. exd6 Qd7 $11)) 24... cxb4 $2 (24... Nc2 $1 $11 {[%mdl 512]} 25. Qxc2 cxb4) 25. Ne4 $18 dxe5 (25... Nf5 {was called for.}) 26. d6 $2 (26. fxe5 $18 Nf5 27. d6) 26... Qd7 $14 {Threatens to win with ...exf4.} 27. fxe5 Ne6 $1 28. a5 Red8 29. Rc1 (29. Bg3 $11) 29... Rxc1 $1 $17 30. Rxc1 Qa4 31. Qd5 b3 {Strongly threatening ...b2.} 32. Qxb7 Qxa5 (32... Rf8 $17 {...b2 is the strong threat.} 33. Nf6+ Bxf6 34. exf6 Nc5 $1 {[%mdl 512]}) 33. Qxb3 (33. Rf1 $11 {keeps the balance.} Kh8 34. Bg3) 33... Bxe5 34. Bxe5 Qxe5 35. Qf3 (35. Rc4 $17) 35... Kg7 (35... f5 $19 36. Nc3 Rxd6) 36. Rd1 a5 37. d7 {and if Nd6 works, White does fine.} Nd4 38. Qf6+ Qxf6 39. Nxf6 {next Ne8+ is good for White.} Kxf6 (39... Ne6 {is interesting.} 40. Ng4 Nf8 41. Ra1 Rxd7 42. Rxa5 Ne6) 40. Rxd4 {[%mdl 4096] Endgame KR-KR} Ke7 41. Rd5 $1 a4 (41... Ra8 {is more complex.} 42. d8=B+ Rxd8 43. Rxa5 Rd1+ 44. Kf2 Rd2+) 42. Ra5 Rxd7 {aiming for ...Rd1+.} 43. Rxa4 h5 44. h4 Ke6 45. Kf2 Ke5 46. Ra6 Rd4 47. g3 Rd6 48. Ra8 Re6 49. Rd8 Kf5 50. Rd7 Kf6 51. Rd8 Ra6 52. Rd2 Ra3 53. Rd5 Ke6 54. Rb5 Ra6 55. Kf3 Rd6 56. Ra5 Rd3+ 57. Kf2 f6 58. Rb5 Rd5 59. Rb8 g5 60. hxg5 Rf5+ 61. Ke3 Rxg5 62. Kf4 Rg4+ 63. Kf3 Ra4 64. Rb5 h4 $2 {[%mdl 8192]} (64... f5 $11) 65. gxh4 Rxh4 66. Kf2 $2 {[%mdl 8192]} (66. Rb6+ $11 Kf5 67. Kg2) 66... Rc4 $2 {[%mdl 8192]} (66... Rh3 $11) 67. Ra5 $2 {[%mdl 8192]} (67. Rb3 $11) 67... f5 $2 {[%mdl 8192]} (67... Rc3 $11) 68. Rb5 $2 {[%mdl 8192]} (68. Ra3 $11) 68... Kf6 $2 {[%mdl 8192]} (68... Rc3 $11) 69. Ra5 $2 {[%mdl 8192]} (69. Rb3 $11) 69... Kg5 $2 {[%mdl 8192]} (69... Rc3 $11) 70. Kf1 $2 {[%mdl 8192]} (70. Ra3 $11) 70... Kf4 $2 {[%mdl 8192]} (70... Rc3 $11) 71. Ra2 $2 {[%mdl 8192]} (71. Ra3 $11) 71... Rc3 72. Rh2 $2 {[%mdl 8192]} (72. Kf2 $11) 72... Kg3 73. Rd2 $2 {[%mdl 8192] [#]} (73. Rg2+ $11 Kf3 74. Rf2+ Ke4 75. Kg2) 73... Rc1+ $1 {Black mates.} ({Weaker is} 73... f4 74. Rg2+ Kh3 75. Rb2 $15) 74. Ke2 f4 75. Rd3+ Kg2 76. Rd8 f3+ 77. Kd2 Rc5 78. Rg8+ Kf2 79. Rg7 Rd5+ 80. Kc2 Ke2 {Both players deserved the win here. Accuracy: White = 68%, Black = 81%.} 0-1

[Event "47th GER-ch Blitz 2020"]
[Site "Magdeburg"]
[Date "2020.08.15"]
[Round "19.1"]
[White "Zelbel, Patrick"]
[Black "Donchenko, Alexander"]
[Result "1-0"]
[WhiteElo "2448"]
[BlackElo "2646"]
[Annotator "TA"]
[PlyCount "117"]
[EventDate "2020.07.28"]
[EventType "tourn"]
[EventCountry "GER"]
[SourceTitle "playchess.com"]
[Source "ChessBase"]
[SourceQuality "1"]

{[%evp 10,117,23,33,27,16,19,25,39,23,19,23,28,41,38,38,37,31,57,64,74,39,35,40,33,45,57,31,53,65,67,72,41,38,65,25,47,42,58,41,80,0,19,7,10,0,0,0,0,0,4,0,47,8,8,8,12,11,26,8,8,15,224,224,224,224,224,224,1252,224,224,224,216,0,5854,5523,2450,3435,2474,1756,5608,5579,29960,29963,29971,29974,6115,5624,29975,29965,29983,29984,29985,29986,29987,29987,29988,29985,29985,29977,29984,0,29983,0,29988,29987,29987,29988,29989,29990]} 1. e4 c6 2. Nc3 d5 3. Nf3 dxe4 4. Nxe4 Nf6 5. Qe2 Nxe4 6. Qxe4 Nd7 {B11: Caro-Kann: Two Knights Variation.} 7. Bc4 Nf6 8. Ne5 {[%csl Ge5][%cal Rc4f7]} e6 {White has an edge.} 9. Qe2 b5 10. Bd3 Qc7 11. a4 Bd6 {[#]} 12. Nxc6 $1 {[%mdl 512]} b4 ({But not} 12... Qxc6 $2 13. Bxb5 Qd7 14. b3 $18) 13. Nd4 a6 14. Nf5 $1 Be5 15. Nxg7+ Kf8 16. Nh5 Nxh5 $1 17. Qxh5 Bb7 18. Be2 {[#]} Rc8 $146 ({Predecessor:} 18... Bxg2 19. Rg1 Rg8 20. d4 Bxh2 21. Qh6+ Ke8 22. Qxh7 Ke7 23. Bh5 Raf8 24. Bxf7 Rh8 {½-½ (43) Ragger,M (2682)-Donchenko,A (2595) Brest 2019}) 19. Bf3 Bxf3 20. Qxf3 ({Don't play} 20. gxf3 Rg8 $11) 20... Qxc2 21. O-O Qc6 {Threatens to win with ...Qxf3.} 22. Qh5 (22. Qe2 $5 {[%cal Re2e5]} Rg8 23. g3 $14) 22... Rg8 {[%csl Gg8][%cal Rc6g2]} 23. g3 Qd5 24. d3 Rd8 25. Bh6+ (25. Qe2 $16) 25... Ke8 $11 {aiming for ...Bxg3.} 26. Qe2 $1 Rg6 27. Bd2 Bxb2 28. Rab1 Bc3 29. Bxc3 bxc3 {[#]} 30. d4 $1 {[%mdl 512]} h5 ({Of course not} 30... Qxd4 $6 31. Rfd1 $16) 31. Qxa6 h4 32. Qb5+ Qxb5 33. axb5 {[%cal Ba4b5,Bb5b6,Bb6b7][%mdl 32] Strongly threatening Rfc1.} hxg3 34. hxg3 {[%mdl 4096] Endgame KRR-KRR} Rg4 35. Rfc1 {Hoping for b6.} Rc8 $2 (35... Rgxd4 $11 {and Black has nothing to worry.} 36. Rxc3 Rd1+ 37. Rxd1 Rxd1+ 38. Kg2 Rb1) 36. b6 $18 Rxd4 37. b7 Rb8 38. Rxc3 Rd7 $2 (38... Kd8 39. Kg2 Rd7) 39. Rcb3 $2 (39. Rc8+ Rd8 40. Rc2) 39... Kd8 40. Kg2 Kc7 41. Rc3+ $2 (41. g4 $18) 41... Kd6 $2 {[%mdl 8192]} (41... Kd8 $11) 42. Rd3+ Ke7 43. Rxd7+ Kxd7 {KR-KR} 44. Kf3 f6 45. g4 Kc7 46. Ke4 Kc6 47. f4 Kd6 48. Rb6+ Kd7 49. g5 fxg5 50. fxg5 Kc7 51. Rb1 Kc6 52. Ke5 Kc7 53. Rc1+ Kd7 54. Rd1+ Kc6 55. Rc1+ Kd7 56. Rb1 Kc7 $1 57. Kxe6 {White mates.} Re8+ 58. Kf7 Rb8 59. g6 {Accuracy: White = 86%, Black = 72%.} 1-0

[Event "47th GER-ch Blitz 2020"]
[Site "Magdeburg"]
[Date "2020.08.15"]
[Round "19.2"]
[White "Dobrikov, Marco"]
[Black "Wichmann, Cliff"]
[Result "0-1"]
[WhiteElo "2290"]
[BlackElo "2305"]
[Annotator "TA"]
[PlyCount "42"]
[EventDate "2020.07.28"]
[EventType "tourn"]
[EventCountry "GER"]
[SourceTitle "playchess.com"]
[Source "ChessBase"]
[SourceQuality "1"]

{[%evp 11,42,-3,-12,0,0,-261,-269,-368,-155,-164,-164,-166,-168,-154,-92,-91,-85,-86,-90,-100,-58,-63,-56,-107,-75,-123,-122,-162,-148,-253,-170,-176,-151]} 1. e4 e6 2. d4 d5 3. Nc3 Nf6 4. Bg5 Bb4 5. e5 h6 6. Be3 Ne4 7. a3 {[#] C12: French: Classical System: McCutcheon Variation.} Ba5 $146 ({Predecessor:} 7... Bxc3+ 8. bxc3 Nxc3 9. Qg4 Kf8 10. Bd3 Nc6 11. Nh3 f5 12. exf6 Qxf6 13. Qg3 e5 14. dxe5 Nxe5 {½-½ (68) Vishnu,P (2510)-Volkov,S (2598) Dubai 2018}) 8. f3 $2 {[%mdl 8192]} (8. Qg4 $11) 8... Nxc3 $19 9. Qd2 {[#]Black has a decisive advantage.} c5 (9... Nd1 $1 $19 {[%mdl 512] is more deadly.} 10. b4 (10. Rxd1 Bxd2+) 10... Nxe3 11. Qxe3 Bb6) 10. bxc3 $17 cxd4 11. Bxd4 O-O 12. f4 {[#]} Nc6 (12... Qc7 $142 $1 13. Ne2 b6) 13. Bc5 d4 14. Ne2 dxc3 15. Qd6 Qxd6 (15... Re8 {keeps more tension.} 16. g3 Bd7 17. O-O-O Nb8 18. Bh3 Na6) 16. Bxd6 Rd8 17. Rb1 (17. h4 $15) 17... b6 18. Rb3 Bb7 19. Kf2 Rac8 20. Ke3 {[#]} (20. h4 $17 {was necessary.}) 20... b5 $1 {[%mdl 512]} 21. Rxb5 Ba6 {Accuracy: White = 38%, Black = 47%.} 0-1

[Event "47th GER-ch Blitz 2020"]
[Site "Magdeburg"]
[Date "2020.08.15"]
[Round "19.3"]
[White "Frischmann, Rick"]
[Black "Barzen, Pascal"]
[Result "0-1"]
[WhiteElo "2347"]
[BlackElo "2321"]
[Annotator "TA"]
[PlyCount "70"]
[EventDate "2020.07.28"]
[EventType "tourn"]
[EventCountry "GER"]
[SourceTitle "playchess.com"]
[Source "ChessBase"]
[SourceQuality "1"]

{[%evp 15,70,19,34,47,49,39,40,32,58,57,113,121,145,60,75,48,52,40,95,64,100,33,50,49,40,53,83,-14,-14,-7,-9,-19,-16,-68,-59,-63,-70,-85,-91,-88,-74,-88,-60,-187,-172,-170,-175,-154,-160,-419,-324,-442,-397,-427,-396,-1104,-1031]} 1. e4 c6 2. d4 d5 3. e5 Bf5 4. Nf3 e6 5. Be2 Ne7 6. O-O c5 7. Be3 cxd4 8. Nxd4 Nbc6 9. Bb5 {B12: Caro-Kann: Advance Variation.} a6 10. Bxc6+ $1 ({Much worse is} 10. Nxf5 Nxf5 11. Bxc6+ bxc6 $15) 10... bxc6 11. c4 {White is slightly better.} Bg6 12. Nc3 Qd7 {[#]} (12... dxc4 $14 13. Qa4 Bd3) 13. Na4 $146 {[%cal Ra4b6] aiming for Nb6.} ({Predecessor:} 13. Qe2 Nf5 14. Nxf5 Bxf5 15. Rfd1 Be7 16. Na4 Qc7 17. Nb6 Rb8 18. cxd5 exd5 19. Qxa6 Qxe5 {0-1 (32) Lagunow,R (1845)-Krefenstein,S (2072) Berlin 2012}) 13... Nc8 {[#]} 14. c5 (14. cxd5 $1 $16 cxd5 15. Rc1) 14... Be7 15. Rc1 O-O 16. Qd2 f6 (16... Bd8 $14) 17. f4 Bd8 18. b4 (18. exf6 $16 gxf6 19. f5 exf5 20. Bf4) 18... fxe5 19. fxe5 Rxf1+ 20. Rxf1 Bc7 21. Bf4 (21. Qf2 $16 {[%csl Gf1][%cal Rf2f8]} Qf7 22. Nxc6) 21... a5 $11 22. b5 cxb5 23. c6 Qe8 24. Nxb5 ({White should try} 24. Nc5 $11 Bb6 25. Nd7 Bxd4+ 26. Qxd4) 24... Qxc6 $15 25. Nxc7 Qxc7 26. Qd4 Ne7 27. Rc1 Qb7 28. Nc5 Qb6 29. Be3 {White does not recover from this.} (29. Nb3 $15 Qb7 30. Nc5) 29... Nf5 $19 30. Qd2 Nxe3 31. Qxe3 Rc8 32. Qf2 $2 (32. h3 $17) 32... h6 33. Nb3 Rxc1+ 34. Nxc1 Qb1 35. h3 $2 (35. Qd2) 35... Qxc1+ {Accuracy: White = 45%, Black = 71%.} 0-1

[Event "47th GER-ch Blitz 2020"]
[Site "Magdeburg"]
[Date "2020.08.15"]
[Round "19.4"]
[White "Meier, Georg"]
[Black "Baskin, Robert"]
[Result "1-0"]
[WhiteElo "2621"]
[BlackElo "2390"]
[Annotator "TA"]
[PlyCount "47"]
[EventDate "2020.07.28"]
[EventType "tourn"]
[EventCountry "GER"]
[SourceTitle "playchess.com"]
[Source "ChessBase"]
[SourceQuality "1"]

{[%evp 17,47,39,44,14,39,38,44,56,35,26,27,29,113,108,103,101,107,111,110,105,110,104,109,77,73,79,84,75,583,581,627,615]} 1. Nf3 Nf6 2. g3 b6 3. Bg2 Bb7 4. c4 c5 5. Nc3 e6 6. O-O Be7 7. d4 cxd4 8. Qxd4 O-O 9. Rd1 d6 10. Bg5 {A30: Symmetrical English: Double Fianchetto and Hedgehog.} Nc6 11. Qd2 Na5 12. b3 {White is slightly better.} h6 13. Bxf6 Bxf6 14. Rac1 {[#]} d5 $146 (14... Be7 $11 {remains equal.}) ({Predecessor:} 14... Be7 15. Nb5 Qb8 16. b4 Nc6 17. Nfd4 Nxd4 18. Nxd4 Bxg2 19. Kxg2 Qb7+ 20. Kg1 a6 {½-½ (57) Goryachkina,A (2384)-Milliet,S (2421) Cap d'Agde 2012}) 15. cxd5 $16 Bxc3 16. Qxc3 {Threatens to win with b4.} Rc8 17. Qb2 Rxc1 18. Qxc1 {[#] aiming for b4.} exd5 19. Nd4 Qf6 20. Bh3 Nc6 21. e3 Rd8 22. Rd2 Bc8 $2 {[%mdl 8192] [#]} (22... g6 $16 {stays breathing.}) 23. Bxc8 $18 ({Weaker is} 23. Qxc6 Bxh3 24. Qxf6 gxf6 $16) 23... Rxc8 24. Rc2 {Accuracy: White = 89%, Black = 53%.} 1-0

[Event "47th GER-ch Blitz 2020"]
[Site "Magdeburg"]
[Date "2020.08.15"]
[Round "19.5"]
[White "Koch, Thomas"]
[Black "Ehmann, Thilo"]
[Result "1/2-1/2"]
[WhiteElo "2461"]
[BlackElo "2329"]
[Annotator "TA"]
[PlyCount "143"]
[EventDate "2020.07.28"]
[EventType "tourn"]
[EventCountry "GER"]
[SourceTitle "playchess.com"]
[Source "ChessBase"]
[SourceQuality "1"]

{[%evp 16,142,37,37,37,37,79,70,83,23,35,34,66,81,74,70,104,99,154,138,175,135,155,82,72,0,-18,-62,204,0,40,34,479,462,768,422,794,811,786,804,763,548,538,528,647,634,790,776,983,956,1606,1577,1333,1007,1007,1007,1007,989,1184,846,870,862,852,871,860,858,847,832,968,931,1045,1022,1023,1022,1088,1080,1039,1032,1026,760,5922,1156,1340,1140,4805,1994,1677,1615,2827,2718,2707,1508,3057,2648,1567,617,617,617,617,617,617,617,617,617,1099,1053,1053,818,2303,554,420,412,5013,4683,4189,4170,4862,6432,4330,4171,4163,4156,4149,4149,4137,12,13,0,18]} 1. d4 Nf6 2. c4 g6 3. Nc3 Bg7 4. e4 O-O 5. f3 d6 6. Be3 c5 7. Nge2 Nc6 8. d5 Ne5 9. Ng3 e6 {E81: King's Indian: Sämisch: 6th move deviations (including 6 Be3 c6).} 10. Be2 b5 11. Nxb5 exd5 {[#] White is slightly better.} 12. exd5 $146 (12. cxd5 $16 h5 13. O-O) ({Predecessor:} 12. cxd5 Rb8 13. Qd2 h5 14. O-O h4 15. Nh1 h3 16. Ng3 hxg2 17. Kxg2 Qd7 18. Nc3 {½-½ (53) Sasikiran,K (2640)-Ding,L (2749) Danzhou 2015}) 12... Re8 13. Qd2 $1 h5 14. O-O h4 15. Nh1 h3 16. g3 a6 (16... Ba6 $142) 17. Nc3 $16 Rb8 18. Rfe1 Qd7 19. Bf4 (19. b3 $142) 19... Nh5 20. Bg5 ({White should try} 20. Bxe5 $16 Bxe5 21. Nf2) 20... Qf5 $1 $11 21. f4 {Hoping for Nf2.} f6 $2 {[%mdl 8192] [#]} (21... Ng4 $15 {keeps the upper hand.} 22. Bxg4 Rxe1+ 23. Rxe1 Qxg4) 22. fxe5 $2 (22. Bh4 $1 $18 Bh6 23. Rf1) 22... fxg5 23. Bd3 $36 {[%mdl 2048] White fights for an advantage.} Qg4 $2 {[%mdl 8192] [#]} (23... Rxb2 $1 $14 24. Qxb2 Qxd3) 24. Nf2 $1 $18 {[%cal Rf2g4]} ({And not} 24. Bxg6 Rxe5 25. Rxe5 Bxe5 $15) 24... Qd4 (24... Qf3 $142 25. Be4 Qf7) 25. e6 Rxb2 (25... Rf8 $142 26. Re2 Rf3) 26. Qxb2 Qxc3 27. Qxc3 Bxc3 28. Rac1 Bxe1 29. Rxe1 Kg7 30. Ne4 {[%mdl 64] Double Attack} Bxe6 {Black wants to play ...Bf5.} 31. Nxd6 Rd8 32. Rxe6 Rb8 33. Rxg6+ Kf8 34. Rxg5 Nf6 35. Rf5 Ke7 36. Ne4 Ng4 37. Rf1 Rb2 38. Nf2 Ne5 39. Re1 Kd6 40. Ne4+ Kc7 41. Be2 Kb6 42. g4 Rxa2 43. g5 Rb2 44. Nc3 Rc2 45. Na4+ Kc7 46. Nxc5 a5 47. Nd3 Nxc4 48. Rc1 Rxc1+ 49. Nxc1 Ne5 50. Nd3 Ng6 51. Bh5 Nh4 52. Bg4 Kd6 53. Bxh3 Kxd5 54. Bg4 Kd4 55. Nc1 Ke3 56. Bh5 Kf4 57. g6 Nf5 58. Bd1 Kg5 59. Bc2 {Threatens to win with Bxf5.} Ng7 60. Bd3 a4 61. Na2 Ne6 62. Kf2 Kf6 63. Ke3 Nc5 (63... Nf8 $142 64. Nc3 a3) 64. Bc2 a3 65. h4 Kg7 66. h5 Kh6 67. Kf4 Kxh5 68. Ke5 {Threatening mate with g7.} Kh6 69. Kf6 {Intending Bf5 and mate.} Nd7+ 70. Ke7 $2 (70. Ke6 $18 Nf8+ 71. Kf7 Nxg6 72. Bxg6) 70... Ne5 $11 71. Kf6 Nxg6 72. Bxg6 {Accuracy: White = 58%, Black = 38%.} 1/2-1/2

[Event "47th GER-ch Blitz 2020"]
[Site "Magdeburg"]
[Date "2020.08.15"]
[Round "19.6"]
[White "Svane, Rasmus"]
[Black "Braun, Georg"]
[Result "1/2-1/2"]
[WhiteElo "2613"]
[BlackElo "2360"]
[Annotator "TA"]
[PlyCount "148"]
[EventDate "2020.07.28"]
[EventType "tourn"]
[EventCountry "GER"]
[SourceTitle "playchess.com"]
[Source "ChessBase"]
[SourceQuality "1"]

{[%evp 21,148,38,33,25,35,21,22,18,21,18,25,23,21,9,2,0,0,0,21,0,24,24,12,0,0,0,0,-6,-4,0,0,0,0,0,0,-28,-16,-22,4,4,4,6,25,8,23,16,3,0,0,0,0,0,52,52,54,-232,-231,-235,-228,-230,-237,-230,-206,-207,-212,-199,-113,-191,-145,-164,-147,-281,-276,-252,-250,-337,-281,-331,-336,-439,-431,-404,-400,-556,-505,-584,-559,-939,-891,-1491,-1461,-1532,-1589,-1691,-1645,-1443,-1303,-29976,-29977,-29977,-29977,-29975,-29975,-29976,-29971,-29970,-29971,-29986,-29986,-29986,-29985,-29985,-4602,-1361,-1361,-1325,-1136,-839,-523,-12355,-11319,-3569,0,-1633,0,0,0,0,0]} 1. Nf3 Nf6 2. g3 c5 3. Bg2 Nc6 4. c4 g6 5. O-O d6 6. d4 cxd4 7. Nxd4 Bd7 8. Nc3 Bg7 9. Nc2 O-O 10. b3 a6 11. Bb2 Rb8 12. a4 {A38: Symmetrical English vs ...g6: 4 Bg2 Bg7 5 Nf3 Nf6.} Qa5 13. Rb1 Qh5 {[#]} 14. Ne3 $146 ({Predecessor:} 14. Re1 Bh3 15. Bh1 Rfc8 16. Ne3 Qc5 17. Ba1 Nb4 18. Ng2 Bf5 19. e4 Ng4 20. Ne3 Nxe3 21. Rxe3 {0-1 (52) Kuligowski,A-Van der Sterren,P Tjentiste 1975}) 14... Ng4 15. Nxg4 Bxg4 16. Re1 Bf5 17. Rc1 Bh3 18. Qd3 Bxg2 19. Kxg2 Rfe8 20. Rcd1 Qc5 21. Rd2 Nb4 22. Qe4 Qc6 23. Nd5 Bxb2 24. Rxb2 Nxd5 25. cxd5 Qc3 26. Rbb1 Rbc8 27. Red1 Qc2 (27... b5 {with more complications.} 28. axb5 axb5 29. Rd3 Qc2 30. Rbd1 Rc3) 28. Rd4 (28. Qe3 {feels hotter.} Qf5 29. Rb2 Rc5 30. Rbd2 h5 31. Rd4) 28... Qxe4+ 29. Rxe4 $11 {[%mdl 4096] Endgame KRR-KRR} Rc3 30. Rb4 Rb8 31. Rb6 Kf8 32. Rd1 Ke8 33. Rd4 (33. a5 {keeps more tension.} f6 34. b4 Rc2 35. Kf3 h5 36. h4) 33... Kd7 34. Rc4 Rxc4 35. bxc4 {KR-KR} Kc7 36. a5 e6 ({Black should try} 36... Rc8 $11) 37. dxe6 $14 fxe6 38. Kf3 $2 {[%mdl 8192]} (38. f4 $14 {keeps the upper hand.}) 38... Rf8+ $19 39. Ke3 Rf5 40. Rb3 Rxa5 41. f4 Rc5 42. Kd4 Kc6 43. Re3 {[#]} Kd7 (43... e5+ $1 $19 {[%mdl 512]} 44. Kd3 (44. fxe5 Rxe5) 44... a5) 44. Ra3 (44. Rb3 $17 {keeps fighting.}) 44... e5+ 45. fxe5 Rxe5 46. g4 (46. e4 $17 {was called for.}) 46... Rxe2 47. Rh3 Re7 48. Kd5 b5 49. cxb5 axb5 {[%cal Ba6b5,Bb5b4][%mdl 32]} 50. Kd4 Kc6 51. Rc3+ Kb6 52. Kd5 Re2 53. h3 Rd2+ 54. Ke6 b4 55. Re3 Kc5 56. Kf7 d5 57. Kg7 d4 58. Re1 Rd3 59. Kxh7 Rxh3+ 60. Kxg6 d3 61. g5 b3 62. Kf5 Kd4 63. g6 d2 64. Re4+ Kc3 65. g7 d1=Q 66. g8=Q {KQR-KQR} Rf3+ (66... Qf3+ $142 67. Rf4 Qd3+ 68. Kg5 Rg3+ 69. Rg4 Qd2+ 70. Kf5 Qf2+ 71. Ke6 Re3+ 72. Kd7 Qf5+ 73. Kd8 Qa5+ 74. Kc8 Qa8+ 75. Kd7 Qb7+ 76. Kd6 Qe7+ 77. Kc6 Qf6+ 78. Kc5 Re5+ 79. Qd5 Rxd5+ 80. Kxd5 Qf5+ {[%mdl 64] Double Attack} 81. Kc6 Qxg4 82. Kd6 b2 83. Ke7 b1=Q 84. Kf6 Qb6+ 85. Kf7 Qbe6+ 86. Kf8 Qgg8#) 67. Ke6 Qd3 68. Qg7+ {[#]} Kc2 $1 69. Qg2+ Kd1 70. Qh1+ Rf1 71. Qh5+ Rf3 (71... Kc1 $142 72. Qg5+ Kb1) 72. Qh1+ {[#]} Kc2 $2 (72... Qf1 $1 $19 {[%cal Rf1h1]} 73. Rd4+ Kc2 74. Qh2+ Rf2 75. Qc7+ Kb1 76. Qh7+ Kc1 77. Qc7+ Rc2 78. Qf4+ Qxf4 79. Rxf4 b2 80. Rf1+ Kd2) 73. Qg2+ $1 $11 Kc3 74. Qg7+ Kc2 {Accuracy: White = 63%, Black = 83%.} (74... Kd2 $5 75. Rd4 $8 (75. Qb2+ $2 Qc2 $19) 75... Re3+ 76. Kf7 Kc1 77. Rxd3 Rxd3 78. Qh6+ Kc2 $16) 1/2-1/2

[Event "47th GER-ch Blitz 2020"]
[Site "Magdeburg"]
[Date "2020.08.15"]
[Round "19.7"]
[White "Reichmann, Hendrik"]
[Black "Siebrecht, Sebastian"]
[Result "1/2-1/2"]
[WhiteElo "2348"]
[BlackElo "2429"]
[Annotator "TA"]
[PlyCount "51"]
[EventDate "2020.07.28"]
[EventType "tourn"]
[EventCountry "GER"]
[SourceTitle "playchess.com"]
[Source "ChessBase"]
[SourceQuality "1"]

{[%evp 16,51,10,0,11,-10,0,0,19,9,20,5,22,6,26,25,22,11,43,6,30,-14,-13,-8,-14,-14,0,-14,-4,-9,-14,-10,-12,-9,-26,-25,0,-27]} 1. d4 g6 2. Bf4 Bg7 3. e3 d6 4. Nf3 Nf6 5. Be2 O-O 6. h3 Nbd7 7. O-O b6 8. c3 Bb7 9. a4 a5 {A48: 1 d4 Nf6 2 Nf3 g6: Torre, London and Colle Systems.} 10. Bh2 Qe8 11. Na3 {[#]} Qb8 $146 ({Predecessor:} 11... Ne4 12. Nd2 Nxd2 13. Qxd2 e5 14. Nb5 Rc8 15. Rfd1 Qe7 16. Qc2 f5 17. dxe5 Bxe5 18. Bxe5 Nxe5 {0-1 (32) Tomashevsky,E (2718)-Nepomniachtchi,I (2776) Khanty-Mansiysk 2019}) 12. Nb5 Re8 13. Bc4 e6 (13... Ne4 {with more complications.} 14. d5 Qc8 15. Nfd4 Ne5 16. Ba2 Nf6) 14. Bd3 Be4 15. Bxe4 Nxe4 16. Qc2 Nef6 17. b4 Qb7 18. Bxd6 cxd6 19. Nxd6 {[%mdl 64] [#] Double Attack} Qc7 20. Nxe8 Nxe8 21. Qb3 Nd6 22. Nd2 e5 23. Rfc1 Rc8 24. bxa5 bxa5 25. Rab1 h6 26. Qd5 {A rather calm draw. Accuracy: White = 79%, Black = 85%.} 1/2-1/2